Statistics for Figure out the song - Taylor Swift #7

Click here to take the quiz!

General Stats

  • This quiz has been taken 486 times
  • The average score is 199 of 320

Answer Stats

Answer% Correct
I
100%
a
98%
you
97%
You
97%
the
95%
an
92%
me
91%
and
88%
And
88%
in
88%
to
88%
Your
88%
your
88%
be
85%
where
84%
it
83%
on
82%
are
81%
is
81%
Who
81%
who
81%
when
80%
You're
79%
what
78%
then
77%
not
73%
of
71%
too
71%
like
70%
It's
69%
this
68%
know
67%
all
64%
been
64%
see
64%
did
63%
Did
63%
have
62%
us
61%
If
60%
just
60%
now
60%
Time
58%
time
58%
at
57%
But
57%
oh
57%
Oh
57%
still
57%
never
56%
up
56%
you've
56%
had
55%
innocent
55%
can't
54%
some
51%
back
49%
get
49%
has
49%
late
48%
life
46%
night
46%
out
46%
mind
42%
really
42%
You'll
42%
Always
41%
down
41%
new
41%
wait
41%
growin'
40%
only
40%
32
39%
lights
39%
live
39%
Lost
39%
okay
39%
Wasn't
39%
bright
38%
Everyone
38%
everything
38%
into
38%
remember
38%
string
38%
things
38%
days
37%
tough
37%
again
36%
alright
36%
crowd
36%
Left
36%
guess
35%
tryin'
35%
wouldn't
35%
tightrope
34%
balance
33%
beautiful
33%
bed
33%
bigger
33%
brand
33%
change
33%
easier
33%
messed
33%
speak
33%
Before
32%
believed
32%
hope
32%
lunchbox
32%
Septembers
32%
Someone
32%
everybody
31%
warpath
31%
yourself
31%
crawl
30%
weather
30%
flames
29%
seen
29%
Today
29%
turns
29%
embers
28%
floor
28%
'til
28%
brought
27%
fell
27%
firefly-catchin'
27%
monsters
27%
caught
26%
reach
26%
shattered
25%
wild
25%
asleep
24%
ooh
24%
runnin'
24%
Minds
22%

Score Distribution

Percentile by Number Answered

Percent of People with Each Score

Your Score History

You have not taken this quiz